000 00451cam a2200145 4500
001 4848
005 20181127174243.0
008 071016s2007 bt a 000 0 eng
010 _a 2007340811
100 0 _aJigme Singye Wangchuck,
_cKing of Bhutan,
_d1955-
245 1 0 _aImmortal lines :
_bspeeches of the 4th Druk Gyalpo Jigme Singye Wangchuck.
250 _a1st ed.
260 _aThimphu :
_bBhutan Times,
_c2007.
300 _a195 p. :
_bcol. ill. ;
_c31 cm.
999 _c4028
_d4028